[Event "Titled Tuesday intern op 06th Feb Late"]
[Site "Chess.com INT"]
[Date "2024.02.06"]
[Round "1"]
[White "Devagharan, Devina"]
[Black "Kantor, Gergely"]
[Result "0-1"]
[WhiteElo "1766"]
[BlackElo "2531"]
[PlyCount "72"]
[EventDate "2024.02.06"]
[EventType "swiss (blitz)"]
[EventRounds "11"]
[EventCountry "USA"]
[SourceTitle "CB07_2024"]
[SourceDate "2024.02.14"]
[SourceVersion "1"]
[SourceVersionDate "2024.02.14"]
[SourceQuality "1"]

1. d4 d5 2. c4 c6 3. Nc3 e6 4. cxd5 exd5 5. Bf4 Bf5 6. e3 Nf6 7. Bd3 Bxd3 8. Qxd3 Bd6 9. Bxd6 Qxd6 10. Nf3 Nbd7 11. Rc1 0-0 12. 0-0 Rae8 13. a3 a5 14. Na4 Ne4 15. Rc2 f5 16. Rfc1 f4 17. exf4 Rxf4 18. Nc5 Ndxc5 19. dxc5 Qg6 20. Qe3 Ref8 21. Ne5 Qh5 22. Nd3 Rh4 23. h3 Ng5 24. f4 Nxh3+ 25. gxh3 Rxh3 26. Qe6+ Kh8 27. Nf2 Rg3+ 28. Kf1 Qf3 29. Rc3 Qxf4 30. R1c2 Rg6 31. Qh3 Rh6 32. Qg3 Qe4 33. Qg2 Rh1+ 34. Qxh1 Qxh1+ 35. Ke2 Qg2 36. Ke1 Qg1+ 0-1

[Event "Titled Tuesday intern op 30th May Late"]
[Site "Chess.com INT"]
[Date "2023.05.30"]
[Round "10"]
[White "Devagharan, Devina"]
[Black "Baziuk, Vladyslav"]
[Result "0-1"]
[WhiteElo "1766"]
[BlackElo "2201"]
[PlyCount "164"]
[EventDate "2023.05.30"]
[EventType "swiss (blitz)"]
[EventRounds "11"]
[EventCountry "USA"]
[SourceTitle "CBM 214 Extra"]
[Source "ChessBase"]
[SourceDate "2023.07.31"]
[SourceVersion "1"]
[SourceVersionDate "2023.07.31"]
[SourceQuality "1"]

1. d4 Nf6 2. c4 g6 3. Nc3 d5 4. cxd5 Nxd5 5. e4 Nxc3 6. bxc3 c5 7. Nf3 Bg7 8. Be2 0-0 9. 0-0 cxd4 10. cxd4 Nc6 11. Be3 b6 12. d5 Ne5 13. Nxe5 Bxe5 14. Bd4 Qd6 15. Bxe5 Qxe5 16. Qd3 f5 17. Bf3 Bd7 18. Rac1 Rac8 19. exf5 Bxf5 20. Qb3 Kg7 21. Rfe1 Qf6 22. Rxc8 Rxc8 23. Qe3 Kf7 24. h3 Rc2 25. Qb3 Kg7 26. Qe3 Rc7 27. g4 Bc8 28. Kg2 Kf7 29. Qe4 Bb7 30. Qe6+ Qxe6 31. dxe6+ Kf6 32. Bxb7 Rxb7 33. f4 h6 34. Kf3 Rc7 35. Re2 Rc3+ 36. Kg2 Rc6 37. Kf3 Rxe6 38. Rc2 Rd6 39. Ke4 Rd1 40. Rc6+ Rd6 41. Rc7 a5 42. a4 Kf7 43. Ke5 Rd3 44. Rb7 Rxh3 45. Rxb6 Ra3 46. f5 g5 47. Rxh6 Rxa4 48. Rh7+ Ke8 49. Ke6 Re4+ 50. Kd5 Rxg4 51. Ke6 Re4+ 52. Kd5 Re2 53. Rg7 a4 54. Rxg5 a3 55. Rg4 Kf7 56. Rg6 Rf2 57. Ra6 Rxf5+ 58. Ke4 Rh5 59. Rxa3 Kf6 60. Ra6+ e6 61. Kf4 Rh4+ 62. Kg3 Rb4 63. Kf3 Kf5 64. Ke3 Rb3+ 65. Kd4 Rb1 66. Ra5+ Kf4 67. Ra6 Rd1+ 68. Kc3 e5 69. Kc2 Rd8 70. Ra7 Ke3 71. Re7 e4 72. Kc3 Rc8+ 73. Kb2 Kf3 74. Rf7+ Ke2 75. Re7 e3 76. Kb3 Kf2 77. Rf7+ Ke1 78. Re7 e2 79. Kb2 Rf8 80. Kc2 Kf2 81. Kd2 Rd8+ 82. Kc3 e1Q+ 0-1

[Event "Titled Tuesday intern op 08th Feb Late"]
[Site "Chess.com INT"]
[Date "2022.02.08"]
[Round "2"]
[White "Devagharan, Devina"]
[Black "Poormosavi, Seyed Kian"]
[Result "0-1"]
[WhiteElo "1766"]
[BlackElo "2229"]
[PlyCount "110"]
[EventDate "2022.02.08"]
[EventType "swiss (blitz)"]
[EventRounds "11"]
[EventCountry "USA"]
[SourceTitle "CBM 206 Extra"]
[Source "ChessBase"]
[SourceDate "2022.03.31"]
[SourceVersion "1"]
[SourceVersionDate "2022.03.31"]
[SourceQuality "1"]

1. d4 Nf6 2. c4 b6 3. Nc3 Bb7 4. Qc2 d5 5. cxd5 Nxd5 6. e4 Nxc3 7. bxc3 e5 8. Nf3 exd4 9. cxd4 Bb4+ 10. Bd2 Bxd2+ 11. Kxd2 0-0 12. Bd3 Nd7 13. Rhe1 Re8 14. Ke2 c5 15. Kf1 cxd4 16. Rad1 Nc5 17. Nd2 Rc8 18. Qb1 Na4 19. Rc1 Nc3 20. Qb3 Qd6 21. Kg1 Qf4 22. Qb2 Rc7 23. Nb3 Qe5 24. Qd2 Rec8 25. f4 Qd6 26. e5 Qd5 27. Bf5 Rd8 28. Bg4 Qb5 29. e6 fxe6 30. Bxe6+ Kh8 31. f5 a5 32. Qf4 Re7 33. Nxd4 Qc5 34. Rcd1 Bd5 35. Qf2 Bxe6 36. Nxe6 Qxf2+ 37. Kxf2 Rxd1 38. Re3 Nd5 39. Rf3 h6 40. h3 Nf6 41. Kg3 Rd6 42. Kh2 Rexe6 43. fxe6 Rxe6 44. Rc3 Kh7 45. Rc8 b5 46. Rb8 Re5 47. Ra8 a4 48. Rb8 Re2 49. Kg3 Rxa2 50. Rxb5 a3 51. Ra5 Ne4+ 52. Kh2 Nc3 53. h4 Ra1 54. Ra8 a2 55. g3 Rc1 0-1

[Event "Amazons Pride Blitz"]
[Site "Chess.com INT"]
[Date "2021.10.23"]
[Round "3"]
[White "Devagharan, Devina"]
[Black "Debapriya, Manna1111"]
[Result "0-1"]
[WhiteElo "1766"]
[BlackElo "1268"]
[PlyCount "86"]
[EventDate "2021.10.23"]
[EventType "swiss (blitz)"]
[EventRounds "9"]
[EventCountry "USA"]
[SourceTitle "CBM 204 Extra"]
[Source "ChessBase"]
[SourceDate "2021.11.30"]
[SourceVersion "1"]
[SourceVersionDate "2021.11.30"]
[SourceQuality "1"]

1. d4 d5 2. c4 e6 3. Nc3 Nf6 4. cxd5 exd5 5. Bg5 Be7 6. e3 0-0 7. Bd3 Nbd7 8. Nf3 Re8 9. 0-0 Nf8 10. Qc2 c6 11. a3 a5 12. Rab1 Ne4 13. Bxe7 Qxe7 14. Ne5 Nxc3 15. Qxc3 a4 16. Rbe1 Ng6 17. f4 f5 18. Qc2 Qf6 19. Rf3 Be6 20. Ref1 Rf8 21. R3f2 Rae8 22. g4 fxg4 23. f5 Nxe5 24. dxe5 Qxe5 25. fxe6 Qxe3 26. Bxh7+ Kh8 27. Qg6 Rxe6 28. Qxe6 Qxe6 29. Rxf8+ Kxh7 30. R8f4 b5 31. R1f2 c5 32. Rf5 d4 33. Rxc5 Qe1+ 34. Kg2 d3 35. Rh5+ Kg6 36. Rxb5 d2 37. Rb6+ Kh7 38. Rd6 d1Q 39. Rxd1 Qxd1 40. Kg3 g5 41. h3 gxh3 42. Kxh3 Qd3+ 43. Kg2 g4 0-1

[Event "Amazons Pride Blitz"]
[Site "Chess.com INT"]
[Date "2021.10.23"]
[Round "1"]
[White "Fairuzova, Zulfiiya"]
[Black "Devagharan, Devina"]
[Result "0-1"]
[WhiteElo "1750"]
[BlackElo "1766"]
[PlyCount "76"]
[EventDate "2021.10.23"]
[EventType "swiss (blitz)"]
[EventRounds "9"]
[EventCountry "USA"]
[SourceTitle "CBM 204 Extra"]
[Source "ChessBase"]
[SourceDate "2021.11.30"]
[SourceVersion "1"]
[SourceVersionDate "2021.11.30"]
[SourceQuality "1"]

1. d4 d5 2. c4 e6 3. Nc3 Be7 4. Nf3 Nf6 5. Bg5 0-0 6. e3 h6 7. Bh4 Nbd7 8. Bd3 b6 9. 0-0 Bb7 10. Rc1 c5 11. cxd5 exd5 12. h3 Re8 13. Bg3 a6 14. Qe2 Ne4 15. Be5 Ndf6 16. Nd2 Bd6 17. Bxd6 Qxd6 18. dxc5 bxc5 19. Nf3 Rac8 20. Rfd1 Qe7 21. Bxa6 Bxa6 22. Qxa6 Ra8 23. Qd3 Rad8 24. a3 c4 25. Qf1 Qb7 26. Qe2 Re6 27. Nxe4 Nxe4 28. Nd4 Rb6 29. f3 Nc5 30. Nf5 Nd3 31. Rxd3 cxd3 32. Qxd3 Rxb2 33. Rc2 Rxc2 34. Qxc2 Qd7 35. Nd4 Rc8 36. Qb2 Qc7 37. Qb4 Qc1+ 38. Kh2 Qc5 0-1

[Event "Titled Tuesday intern op 31st Aug"]
[Site "Chess.com INT"]
[Date "2021.08.31"]
[Round "7"]
[White "Devagharan, Devina"]
[Black "Brunner, Nicolas"]
[Result "0-1"]
[WhiteElo "1766"]
[BlackElo "2425"]
[PlyCount "122"]
[EventDate "2021.08.31"]
[EventType "swiss (blitz)"]
[EventRounds "11"]
[EventCountry "USA"]
[SourceTitle "EXT 2022"]
[Source "ChessBase"]
[SourceDate "2021.10.06"]
[SourceVersion "1"]
[SourceVersionDate "2021.10.06"]
[SourceQuality "1"]

1. d4 Nf6 2. c4 e6 3. Nc3 Bb4 4. e3 b6 5. a3 Bxc3+ 6. bxc3 c5 7. Nf3 0-0 8. Bd3 Ba6 9. 0-0 Nc6 10. e4 Ne8 11. e5 h6 12. d5 Na5 13. Qe2 exd5 14. cxd5 Bxd3 15. Qxd3 c4 16. Qe4 Nc7 17. Qg4 Kh8 18. Rd1 Nb3 19. Bg5 Qe8 20. Ra2 b5 21. Bf4 Rc8 22. Re2 a5 23. Qh4 Kh7 24. Ng5+ Kg8 25. Ne4 b4 26. Bxh6 Qxe5 27. Bxg7 Kxg7 28. Qg4+ Kh8 29. Ng5 Qg7 30. Re3 Kg8 31. Rh3 f5 32. Qf4 bxc3 33. Rh7 c2 34. Rxg7+ Kxg7 35. Re1 c1Q 36. Rxc1 Nxc1 37. Qxc1 Nxd5 38. h4 c3 39. h5 c2 40. h6+ Kg6 41. Nf3 f4 42. Ne5+ Kxh6 43. Nxd7 Rfe8 44. Qxf4+ Nxf4 45. Kh2 c1Q 46. g3 Nh5 47. Nf6 Nxf6 48. Kh3 Ne4 49. Kh4 Ng5 50. g4 Kg6 51. Kg3 Re3+ 52. Kg2 Qf1+ 53. Kxf1 Rxa3 54. Kg2 Rb3 55. f3 a4 56. f4 a3 57. f5+ Kf6 58. Kf2 a2 59. Ke2 a1Q 60. Kd2 Qa2+ 61. Kd1 Rb1# 0-1

[Event "Titled Tuesday intern op 31st Aug"]
[Site "Chess.com INT"]
[Date "2021.08.31"]
[Round "6"]
[White "Devagharan, Devina"]
[Black "Sihite, Chelsie Monica"]
[Result "1/2-1/2"]
[WhiteElo "1766"]
[BlackElo "2252"]
[PlyCount "110"]
[EventDate "2021.08.31"]
[EventType "swiss (blitz)"]
[EventRounds "11"]
[EventCountry "USA"]
[SourceTitle "EXT 2022"]
[Source "ChessBase"]
[SourceDate "2021.10.06"]
[SourceVersion "1"]
[SourceVersionDate "2021.10.06"]
[SourceQuality "1"]

1. d4 c5 2. d5 Nf6 3. c4 e5 4. Nc3 d6 5. e4 Be7 6. Bd3 0-0 7. Nge2 Nh5 8. Ng3 Nf4 9. Bxf4 exf4 10. Nf5 Bf6 11. Qf3 Be5 12. g3 Qf6 13. Ne2 g6 14. Nh6+ Kg7 15. Ng4 Bxg4 16. Qxg4 f3 17. Nf4 Bxf4 18. gxf4 Qxb2 19. Rd1 Qc3+ 20. Kf1 b5 21. Qxf3 bxc4 22. Be2 Qf6 23. Bxc4 Nd7 24. Be2 Rab8 25. h4 h5 26. Rg1 Qxh4 27. Qxh5 Qxf4 28. Qf3 Qe5 29. Rh1 Rh8 30. Rxh8 Rxh8 31. Ke1 Rh1+ 32. Qxh1 Qc3+ 33. Kf1 Nf6 34. Qg2 Qc2 35. Qf3 Qxa2 36. Qd3 Qb2 37. Re1 a5 38. f4 a4 39. Qe3 a3 40. e5 Nxd5 41. Qe4 Nc3 42. Qc4 a2 43. exd6 a1Q 44. Rxa1 Qxa1+ 45. Kf2 Nxe2 46. Kxe2 Qb2+ 47. Ke3 Qf6 48. Qd3 Qe6+ 49. Kf3 c4 50. Qd4+ Kh7 51. d7 Qh3+ 52. Ke4 Qf5+ 53. Kf3 Qh3+ 54. Kf2 Qh2+ 55. Kf3 Qh3+ 1/2-1/2

[Event "Titled Tuesday intern op 31st Aug"]
[Site "Chess.com INT"]
[Date "2021.08.31"]
[Round "5"]
[White "Leenhouts, Koen"]
[Black "Devagharan, Devina"]
[Result "1-0"]
[WhiteElo "2414"]
[BlackElo "1766"]
[PlyCount "114"]
[EventDate "2021.08.31"]
[EventType "swiss (blitz)"]
[EventRounds "11"]
[EventCountry "USA"]
[SourceTitle "EXT 2022"]
[Source "ChessBase"]
[SourceDate "2021.10.06"]
[SourceVersion "1"]
[SourceVersionDate "2021.10.06"]
[SourceQuality "1"]

1. d4 d5 2. c4 e6 3. Nf3 Be7 4. g3 Nf6 5. Bg2 0-0 6. 0-0 b6 7. cxd5 exd5 8. Nc3 Bb7 9. Bf4 a6 10. Rc1 Nbd7 11. a3 Rc8 12. b4 Ne4 13. Nxe4 dxe4 14. Nd2 Nf6 15. Be5 c5 16. dxc5 bxc5 17. Bxf6 Bxf6 18. Nxe4 Bxe4 19. Bxe4 cxb4 20. Rxc8 Qxc8 21. axb4 Qc4 22. Qd3 Qxd3 23. Bxd3 Rb8 24. Rb1 Bc3 25. Bxa6 Bxb4 26. Bc4 Kf8 27. Ra1 Rb7 28. Bd5 Rc7 29. Kg2 g6 30. Rb1 Bd6 31. e3 Kg7 32. Rb6 Bc5 33. Rb2 Rd7 34. e4 Kf6 35. f4 Kg7 36. Rc2 Bd4 37. Kf3 Ra7 38. Rd2 Ra3+ 39. Kg2 Bc3 40. Re2 Bd4 41. e5 Re3 42. Ra2 Rd3 43. Be4 Re3 44. Bd5 Rd3 45. Bf3 Bc3 46. Ra7 Rd2+ 47. Kf1 Rxh2 48. Bd5 Rd2 49. Rxf7+ Kg8 50. Rd7+ Kf8 51. e6 Rd1+ 52. Ke2 Rd4 53. Ke3 Rd1 54. Rf7+ Ke8 55. Bc6+ Kd8 56. e7+ Kc7 57. e8Q+ Kb6 1-0

[Event "Texas-ch (Women)"]
[Site "North Richland Hills"]
[Date "2018.06.24"]
[Round "4"]
[White "Devagharan, Devina"]
[Black "Kao, Camille Y"]
[Result "1-0"]
[WhiteElo "1842"]
[BlackElo "1723"]
[PlyCount "74"]
[EventDate "2018.06.23"]
[EventType "swiss"]
[EventRounds "4"]
[EventCountry "USA"]
[SourceTitle "CBM 185 Extra"]
[Source "ChessBase"]
[SourceDate "2018.07.29"]
[SourceVersion "1"]
[SourceVersionDate "2018.07.29"]
[SourceQuality "1"]

1. d4 d5 2. c4 c6 3. Nc3 Nf6 4. Nf3 dxc4 5. e3 b5 6. a4 b4 7. Na2 Bf5 8. Nxb4 Nd5 9. Na2 e6 10. Bxc4 Be7 11. 0-0 0-0 12. h3 Nd7 13. Bd3 Bg6 14. Bxg6 hxg6 15. Nc3 N7f6 16. Ne5 Qc7 17. Bd2 Qb7 18. Nd3 Rab8 19. Rb1 Nb4 20. Nxb4 Bxb4 21. b3 Nd5 22. Ne4 Rfd8 23. Qc2 Bxd2 24. Qxd2 Nb4 25. Qc3 Qe7 26. Nd2 Rd5 27. e4 Rdd8 28. Nf3 Qd6 29. Rfd1 Qf4 30. Qe3 Qd6 31. Rd2 a5 32. Rbd1 Qc7 33. Rc1 Qd6 34. Ne5 c5 35. Rxc5 Rdc8 36. Nc4 Qd8 37. Rxc8 Rxc8 1-0